000 00384nam a2200145Ia 4500
008 090124s9999 xx 000 0 und d
082 _b304550
245 _a मोगरा फुलला
250 _a1
260 _bवाड छाया
_c2001
300 _a184
630 _a मोगरा फुलला
730 _a मोगरा फुलला
942 _cBOOK
999 _c194479
_d194479